000
00361nam a2200157Ia 4500
008
151213s9999 xx 000 0 und d
100
_a
J. R. Evans
245
_a
Marketing
_c
J. R. Evans
250
_a
7th
260
_a
Tokeyo
_b
Prentic Hall
_c
1997
300
_a
2687 p.
650
_a
Marketing
650
_a
Marketing
700
_a
J. R. Evans
999
_c
1799
_d
1799